00485 a2200169 450000100060000002000180000604000220002410000180004624000400006424500350010430000070013936200090014665000230015594200070017895201130018599900170029856858 a9788532268334 cAnchieta - Pituba aGaldino, Luiz10aA expedição dos argonautaslpor10aA expedição dos argonautas a790 a2008 4aLiteratura juvenil cBK 00104070a91.1b91.1d2023-11-21l0oLJ 028.5 G149e GAL EXPp6554/PITr2023-11-21 18:24:25w2023-11-21yBK c56858d56858